书目信息 |
| 题名: |
未解之谜UFO
|
|
| 作者: | 启东尚 编 | |
| 分册: | ||
| 出版信息: | 兰州 甘肃科学技术出版社 1999.03 |
|
| 页数: | 158页 | |
| 开本: | 21cm | |
| 丛书名: | 飞碟探索丛书 | |
| 单 册: | ||
| 中图分类: | V11 | |
| 科图分类: | ||
| 主题词: | 飞碟--fei die--研究 | |
| 电子资源: | ||
| ISBN: | 978-7-5424-0682-8 | |
| 000 | 00850nam 2200253 450 | |
| 001 | 012010807781 | |
| 005 | 20101220185104.81 | |
| 010 | @a978-7-5424-0682-8@dCNY24.00 | |
| 100 | @a20101220d1999 em y0chiy0120 ea | |
| 101 | 0 | @achi |
| 102 | @aCN@b620000 | |
| 105 | @ay z 000yy | |
| 106 | @ar | |
| 200 | 1 | @a未解之谜UFO@Awei jie zhi mi UFO@f启东尚编@Fqi dong shang bian |
| 210 | @a兰州@c甘肃科学技术出版社@d1999.03@h2009年12月第2次印刷 | |
| 215 | @a158页@d21cm | |
| 225 | 2 | @a飞碟探索丛书@Afei die tan suo cong shu |
| 330 | @a本书主要内容包括:令人费解的不明现象,有关UFO的记录,UFO与人类文明,接触UFO,神秘的报道,UFO在哪里,地球人的探索等。 | |
| 410 | 0 | @12001 @a飞碟探索丛书 |
| 606 | 0 | @a飞碟@Afei die@x研究 |
| 690 | @aV11@v4 | |
| 701 | 0 | @a启东尚@Aqi dong shang@4编 |
| 801 | 0 | @aCN@bQSSK@c20101220 |
| 905 | @b789913-15@dV11@eQ121@f3 | |
| 未解之谜UFO/启东尚编.-兰州:甘肃科学技术出版社,1999.03(2009年12月第2次印刷) |
| 158页;21cm.-(飞碟探索丛书) |
| ISBN 978-7-5424-0682-8:CNY24.00 |
| 本书主要内容包括:令人费解的不明现象,有关UFO的记录,UFO与人类文明,接触UFO,神秘的报道,UFO在哪里,地球人的探索等。 |
| ● |
| 相关链接 |
|
|
|
正题名:未解之谜UFO
索取号:V11/Q121
 
预约/预借
| 序号 | 登录号 | 条形码 | 馆藏地/架位号 | 状态 | 备注 |
| 1 | 789913 | 207899130 | 自科库501/501自科库 59排4列5层/ [索取号:V11/Q121] | 在馆 | |
| 2 | 789914 | 207899149 | 自科库501/501自科库 59排4列5层/ [索取号:V11/Q121] | 在馆 | |
| 3 | 789915 | 207899158 | 自科库501/501自科库 59排4列5层/ [索取号:V11/Q121] | 在馆 |